[Event "3rd Vergani Cup 2018"]
[Site "Montebelluna"]
[Date "2019.01.02"]
[Round "?"]
[White "Di Benedetto, Edoardo"]
[Black "Baglan, Esat"]
[Result "1/2-1/2"]
[WhiteElo "2324"]
[BlackElo "2363"]
[PlyCount "82"]
[EventDate "2018.12.27"]
[EventType "swiss"]
[EventCountry "ITA"]
[TimeControl "5400+30"]
[WhiteClock "0:00:49"]
[BlackClock "0:02:00"]

1. d4 {[%emt 0:07:27]} Nf6 {[%emt 0:02:53]} 2. c4 {[%emt 0:00:07]} g6 {[%emt 0:00:38]} 3. g3 {[%emt 0:00:07]} Bg7 {[%emt 0:01:52]} 4. Bg2 {[%emt 0:00:08]} O-O {[%emt 0:00:06]} 5. Nf3 {[%emt 0:00:05]} c6 {[%emt 0:01:30]} 6. O-O {[%emt 0:00:06]} d5 {[%emt 0:00:07]} 7. Qb3 {[%emt 0:00:08]} Qb6 {[%emt 0:03:12]} 8. Nc3 {[%emt 0:00:34]} Rd8 {[%emt 0:06:42]} 9. Na4 {[%emt 0:03:42]} Qxb3 {[%emt 0:04:06]} 10. axb3 {[%emt 0:00:05]} Na6 {[%emt 0:00:25]} 11. c5 {[%emt 0:17:46]} Nd7 {[%emt 0:10:22]} 12. Bd2 {[%emt 0:08:57]} e5 {[%emt 0:02:12]} 13. e3 {[%emt 0:00:06]} exd4 {[%emt 0:07:34]} 14. exd4 {[%emt 0:00:15]} Nf8 {[%emt 0:00:45]} 15. Rfe1 {[%emt 0:06:28]} Bf5 {[%emt 0:02:37]} 16. Ne5 {[%emt 0:37:10]} Re8 {[%emt 0:07:13]} 17. f4 {[%emt 0:03:23]} f6 {[%emt 0:02:57]} 18. Nf3 {[%emt 0:00:08]} Be4 {[%emt 0:06:16]} 19. Nc3 {[%emt 0:09:08]} Bxf3 {[%emt 0:00:37]} 20. Rxe8 {[%emt 0:00:22]} Rxe8 {[%emt 0:00:21]} 21. Bxf3 {[%emt 0:00:08]} f5 {[%emt 0:00:07]} 22. Ne2 {[%emt 0:00:08]} Ne6 {[%emt 0:15:34]} 23. Bc3 {[%emt 0:00:10]} Ra8 {[%emt 0:00:26]} 24. Kf2 {[%emt 0:01:43]} Nac7 {[%emt 0:00:20]} 25. Ke3 {[%emt 0:00:11]} Nb5 {[%emt 0:00:41]} 26. Kd3 {[%emt 0:00:14]} Re8 {[%emt 0:06:30]} 27. Rf1 {[%emt 0:00:41]} h5 {[%emt 0:03:24]} 28. h3 {[%emt 0:00:24]} Kf7 {[%emt 0:00:08]} 29. Rh1 {[%emt 0:00:18]} Rh8 {[%emt 0:00:09]} 30. b4 {[%emt 0:01:53]} a6 {[%emt 0:00:30]} 31. h4 {[%emt 0:00:46]} Re8 {[%emt 0:05:03]} 32. Rd1 {[%emt 0:00:12]} Nf8 {[%emt 0:01:03]} 33. Bg2 {[%emt 0:01:04]} Nh7 {[%emt 0:00:35]} 34. Ng1 {[%emt 0:00:30]} Nf6 {[%emt 0:00:03]} 35. Nf3 {[%emt 0:01:05]} Ng4 {[%emt 0:01:02]} 36. Rf1 {[%emt 0:01:01]} Bf6 {[%emt 0:07:51]} 37. Ne5+ {[%emt 0:00:35]} Bxe5 {[%emt 0:01:44]} 38. dxe5 {[%emt 0:00:08]} Ke6 {[%emt 0:00:23]} 39. Bd4 {[%emt 0:00:22]} Ra8 {[%emt 0:00:46]} 40. Ra1 {[%emt 0:00:22]} Rd8 {[%emt 0:00:27]} 41. Bg1 {[%emt 0:00:23]} Rd7 {[%emt 0:00:30]} 1/2-1/2

[Event "3rd Vergani Cup 2018"]
[Site "Montebelluna"]
[Date "2019.01.02"]
[Round "?"]
[White "Dudin, Gleb"]
[Black "Sonis, Francesco"]
[Result "0-1"]
[WhiteElo "2303"]
[BlackElo "2485"]
[Annotator "TA"]
[PlyCount "108"]
[EventDate "2018.12.27"]
[EventType "swiss"]
[EventCountry "ITA"]

{[%evp 19,108,22,39,10,12,-2,-5,0,0,1,12,6,55,0,19,30,57,18,20,0,0,0,0,0,0,-117,-106,-280,-282,-281,-281,-286,-282,-377,-368,-377,-376,-369,-368,-376,-368,-368,-368,-368,-368,-374,-381,-376,-376,-395,-393,-647,-662,-568,-468,-744,-616,-669,-644,-611,-723,-708,-570,-759,-471,-734,-635,-623,-611,-604,-549,-604,-488,-723,-728,-675,-508,-717,-715,-1110,-1348,-1020,-1146,-29988,-5106,-29988,-29980,-12797,-12809,-12809,-6283]} 1. Nf3 Nf6 2. g3 b5 3. Bg2 Bb7 4. O-O e6 5. b3 c5 6. c4 {A05: Réti Opening: 1 Nf3 Nf6} bxc4 (6... a6 7. Na3 Qb6 8. Bb2 Be7 9. e3 d5 10. cxd5 Bxd5 11. d3 Nbd7 12. Qe2 O-O 13. Rfd1 Rfc8 14. Rac1 Bb7 {0-1 (62) Cheparinov,I (2710)-Fedoseev,V (2718) Riadh 2017}) 7. bxc4 Be7 8. Nc3 O-O 9. Rb1 Bc6 10. d3 d6 {LiveBook: 10 Games} 11. Bd2 Nbd7 12. Ne1 Bxg2 $146 13. Kxg2 Qc7 14. Nf3 Ng4 15. Bf4 f5 16. Qa4 ({White should play} 16. e4 $14) 16... Nb6 17. Qa6 Qd7 18. a4 (18. h3 $5 {[%cal Rh3g4]} Bf6 19. hxg4 Bxc3 20. gxf5 $14) 18... Bf6 $1 {[%cal Rf6c3]} 19. a5 Bxc3 20. axb6 axb6 21. Qxb6 e5 $36 {[%mdl 2048] Hoping for ...Bb4. Black is pushing.} 22. Bc1 {[#]} (22. Bd2 $11 {remains equal.} Bxd2 23. Nxd2) 22... Bb4 $1 $17 23. h3 $2 (23. Rxb4 $17 cxb4 24. Qxb4) 23... Rfb8 $19 24. Qxb8+ Rxb8 25. hxg4 e4 26. Nd2 exd3 27. exd3 Re8 28. gxf5 Qxf5 29. Rb3 d5 30. Nf3 Rf8 31. Bf4 h6 32. Nh2 dxc4 33. dxc4 Qe4+ 34. Kg1 Qxc4 35. Rf3 $2 (35. Rbb1) 35... Qd5 36. Re3 c4 37. Rc1 (37. Re5 $142 Qd3 38. Rb5) 37... c3 38. Rexc3 Bxc3 39. Rxc3 Ra8 40. Rc1 Kh7 41. Re1 Ra2 42. Be3 (42. g4 $142) 42... Qe4 43. Nf1 Qf5 44. Rc1 Qd5 45. Re1 Ra4 46. Rc1 (46. Bd2 $142) 46... h5 {[%cal Bh6h5,Bh5h4][%mdl 32]} 47. Re1 Rc4 48. Nd2 Rg4 49. Nf1 h4 50. Kh2 Qf3 {( -> ...g5)} 51. Kh3 Rg6 (51... g5 $142 52. Rd1 Qxd1 53. Nh2 Rc4 54. Kg2 Qd5+ 55. f3 hxg3 56. Nf1 Qe5 57. Bd2 Qe2+ 58. Kxg3 Qxf1 59. Be3 Kg6 60. f4 gxf4+ 61. Bxf4 Rxf4 62. Kh2 Qf2+ 63. Kh3 Rh4#) 52. Kh2 {[#]} h3 $1 53. Kxh3 Qh1+ 54. Nh2 Qxe1 {Precision: White = 28%, Black = 72%.} 0-1

[Event "3rd Vergani Cup 2018"]
[Site "Montebelluna"]
[Date "2019.01.02"]
[Round "?"]
[White "Dudin, Gleb"]
[Black "Can, Melih Kaan"]
[Result "1-0"]
[WhiteElo "2303"]
[BlackElo "2225"]
[PlyCount "139"]
[EventDate "2018.12.27"]
[EventType "swiss"]
[EventCountry "ITA"]
[TimeControl "5400+30"]
[WhiteClock "0:00:31"]
[BlackClock "0:01:13"]

1. e4 {[%emt 0:09:02]} c5 {[%emt 0:01:29]} 2. Nf3 {[%emt 0:00:52]} Nc6 {[%emt 0:02:01]} 3. Bb5 {[%emt 0:01:09]} d6 {[%emt 0:00:08]} 4. c3 {[%emt 0:03:53]} Bd7 {[%emt 0:00:07]} 5. O-O {[%emt 0:01:08]} Nf6 {[%emt 0:00:07]} 6. Re1 {[%emt 0:00:42]} a6 {[%emt 0:00:06]} 7. Ba4 {[%emt 0:02:17]} b5 {[%emt 0:01:51]} 8. Bc2 {[%emt 0:00:13]} Bg4 {[%emt 0:00:21]} 9. h3 {[%emt 0:01:20]} Bxf3 {[%emt 0:03:54]} 10. Qxf3 {[%emt 0:01:01]} g6 {[%emt 0:00:08]} 11. a4 {[%emt 0:14:48]} Rb8 {[%emt 0:32:29]} 12. Na3 {[%emt 0:08:42]} Nd7 {[%emt 0:04:02]} 13. Qe2 {[%emt 0:04:14]} b4 {[%emt 0:05:09]} 14. Nc4 {[%emt 0:01:13]} Bg7 {[%emt 0:02:01]} 15. Ne3 {[%emt 0:02:51]} a5 {[%emt 0:03:06]} 16. Kh1 {[%emt 0:14:02]} O-O {[%emt 0:00:07]} 17. f4 {[%emt 0:02:52]} e6 {[%emt 0:02:46]} 18. Ng4 {[%emt 0:04:27]} Qh4 {[%emt 0:08:21]} 19. Rf1 {[%emt 0:06:07]} Kh8 {[%emt 0:06:30]} 20. Qf2 {[%emt 0:04:35]} Qxf2 {[%emt 0:02:36]} 21. Rxf2 {[%emt 0:00:53]} f5 {[%emt 0:01:17]} 22. exf5 {[%emt 0:01:02]} gxf5 {[%emt 0:01:30]} 23. Nh2 {[%emt 0:02:01]} d5 {[%emt 0:05:28]} 24. Nf3 {[%emt 0:01:19]} Rbe8 {[%emt 0:01:10]} 25. Rf1 {[%emt 0:04:31]} c4 {[%emt 0:01:11]} 26. d4 {[%emt 0:03:07]} cxd3 {[%emt 0:00:58]} 27. Bxd3 {[%emt 0:00:01]} bxc3 {[%emt 0:00:36]} 28. bxc3 {[%emt 0:01:05]} Bxc3 {[%emt 0:03:14]} 29. Ra3 {[%emt 0:00:56]} Bf6 {[%emt 0:04:14]} 30. Bb5 {[%emt 0:00:20]} Rc8 {[%emt 0:00:10]} 31. Re3 {[%emt 0:00:37]} Nc5 {[%emt 0:00:47]} 32. Ng5 {[%emt 0:03:10]} Bxg5 {[%emt 0:06:19]} 33. fxg5 {[%emt 0:00:07]} Ne4 {[%emt 0:00:05]} 34. Bb2+ {[%emt 0:00:54]} Kg8 {[%emt 0:00:11]} 35. Kh2 {[%emt 0:00:30]} Kf7 {[%emt 0:01:18]} 36. g4 {[%emt 0:00:40]} Nb4 {[%emt 0:01:40]} 37. gxf5 {[%emt 0:00:43]} Rc2+ {[%emt 0:00:01]} 38. Re2 {[%emt 0:00:05]} Rfc8 {[%emt 0:00:09]} 39. fxe6+ {[%emt 0:01:16]} Kxe6 {[%emt 0:00:49]} 40. Kg1 {[%emt 0:00:32]} Rxe2 {[%emt 0:00:40]} 41. Bxe2 {[%emt 0:00:00]} Rc2 {[%emt 0:00:25]} 42. Bg4+ {[%emt 0:00:09]} Kd6 {[%emt 0:00:25]} 43. Bf6 {[%emt 0:00:43]} Nd3 {[%emt 0:00:59]} 44. Bf5 {[%emt 0:00:36]} Rc7 {[%emt 0:00:27]} 45. Bd8 {[%emt 0:01:12]} Rg7 {[%emt 0:00:22]} 46. h4 {[%emt 0:00:30]} Ndc5 {[%emt 0:00:42]} 47. Bxa5 {[%emt 0:00:30]} Nxg5 {[%emt 0:00:06]} 48. hxg5 {[%emt 0:00:18]} Rxg5+ {[%emt 0:00:02]} 49. Kh2 {[%emt 0:00:17]} Nxa4 {[%emt 0:00:48]} 50. Bd2 {[%emt 0:00:48]} Rg7 {[%emt 0:00:29]} 51. Bc2 {[%emt 0:00:38]} Nc5 {[%emt 0:00:59]} 52. Rf6+ {[%emt 0:00:31]} Kd7 {[%emt 0:00:30]} 53. Bf5+ {[%emt 0:00:30]} Ke7 {[%emt 0:00:01]} 54. Rh6 {[%emt 0:00:26]} Rf7 {[%emt 0:01:01]} 55. Bg5+ {[%emt 0:00:31]} Kf8 {[%emt 0:00:01]} 56. Bxh7 {[%emt 0:00:33]} Ne4 {[%emt 0:00:28]} 57. Be3 {[%emt 0:00:28]} Kg7 {[%emt 0:01:04]} 58. Rh3 {[%emt 0:00:28]} Rb7 {[%emt 0:00:33]} 59. Bd4+ {[%emt 0:00:29]} Nf6 {[%emt 0:00:31]} 60. Bf5 {[%emt 0:00:30]} Rf7 {[%emt 0:00:29]} 61. Be6 {[%emt 0:00:34]} Re7 {[%emt 0:00:30]} 62. Rg3+ {[%emt 0:00:24]} Kh6 {[%emt 0:00:22]} 63. Bf5 {[%emt 0:00:35]} Ne4 {[%emt 0:00:38]} 64. Rg6+ {[%emt 0:00:31]} Kh5 {[%emt 0:00:02]} 65. Rg8 {[%emt 0:00:22]} Rc7 {[%emt 0:00:58]} 66. Be3 {[%emt 0:00:38]} Rc2+ {[%emt 0:00:21]} 67. Kh3 {[%emt 0:00:30]} Nf2+ {[%emt 0:00:22]} 68. Kg3 {[%emt 0:00:27]} Ne4+ {[%emt 0:00:18]} 69. Bxe4 {[%emt 0:00:17]} dxe4 {[%emt 0:01:00]} 70. Rg5+ {[%emt 0:00:05]} 1-0

[Event "3rd Vergani Cup 2018"]
[Site "Montebelluna"]
[Date "2019.01.02"]
[Round "?"]
[White "Loiacono, Leonardo"]
[Black "Sadhwani, Raunak"]
[Result "0-1"]
[WhiteElo "2300"]
[BlackElo "2434"]
[Annotator "TA"]
[PlyCount "104"]
[EventDate "2018.12.27"]
[EventType "swiss"]
[EventCountry "ITA"]

{[%evp 23,104,21,25,15,54,-114,-115,-201,-197,-193,-183,-266,-274,-258,-264,-283,-272,-303,-240,-231,-234,-258,-233,-270,-257,-280,-264,-272,-268,-282,-280,-264,-269,-276,-264,-277,-269,-262,-267,-279,-249,-244,-238,-247,-242,-243,-236,-238,-191,-178,-206,-239,-265,-250,-256,-265,-250,-249,-252,-253,-264,-247,-177,-736,-735,-925,-793,-1203,-1189,-3567,-3022,-29950,-29956,-29949,-29949,-29936,-12849,-12837,-5151,-29980,-29981,-29979,-29980]} 1. d4 d6 2. e4 Nf6 3. Nc3 g6 4. f4 Bg7 5. Nf3 O-O 6. Bd3 Nc6 7. e5 dxe5 8. fxe5 Nh5 9. Be2 Bg4 10. Be3 f6 11. exf6 exf6 12. d5 {B09: Pirc Defence: Austrian Attack} (12. Qd2 Ne7 13. Bc4+ Kh8 14. O-O-O Bxf3 15. gxf3 Nf5 16. Kb1 Nxe3 17. Qxe3 f5 18. Rhe1 Qd6 19. Nb5 Qxh2 {1-0 (43) Alekseenko,K (2639)-Chigaev,M (2599) Sochi 2018}) 12... Qe7 {[#] LiveBook: 4 Games. And now ...Bxf3 would win.} 13. Qd2 Nb4 14. O-O-O $2 (14. Bf2 $1 $14 {is the one way to stay ahead.}) 14... Rfe8 $17 15. Bf2 {[#]} (15. Bh6 $17 {keeps fighting.}) 15... Nxa2+ $1 $19 {[%mdl 576] Deflection} 16. Nxa2 {Hoping for Nc3.} Qxe2 17. Rde1 $146 (17. Kb1 $142) ({Predecessor:} 17. Qxe2 Rxe2 18. Rhf1 Bh6+ 19. Kb1 Nf4 {0-1 (35) Olofsson Dolk,M (2113)-Berggren Torell,H (2100) Oerebro 2013}) 17... Qxd2+ 18. Nxd2 Nf4 19. d6 cxd6 20. g3 Ng2 21. Rxe8+ Rxe8 22. h3 Bd7 23. Nc3 Bc6 24. Rd1 Bh6 25. Bxa7 Ra8 26. Bd4 Ne3 27. Bxe3 Ra1+ ({But not} 27... Bxe3 28. Kb1 $17) 28. Ncb1 Bxe3 29. b3 Bf3 30. Rf1 Bg2 31. Re1 Bxd2+ 32. Kxd2 Bxh3 {[%mdl 4096] Endgame KRB-KRN} 33. Kc1 Bg2 34. Re6 Kf7 35. Rxd6 Bc6 36. b4 h5 37. Kb2 Ra8 38. c4 g5 39. b5 Bf3 40. Rd3 Be4 41. Rd4 Bxb1 42. Kxb1 {KR-KR} Rh8 43. c5 $2 (43. Rd7+ Ke6 44. Rxb7) 43... h4 44. gxh4 gxh4 45. c6 bxc6 46. bxc6 h3 {[%cal Bh4h3,Bh3h2][%mdl 32]} 47. Rd1 h2 48. Rh1 Ke6 49. Kc2 Kf5 50. c7 Kg4 51. Rd1 Rc8 52. Rd4+ Kg5 {Accuracy: White = 44%, Black = 86%.} 0-1

[Event "3rd Vergani Cup 2018"]
[Site "Montebelluna"]
[Date "2019.01.02"]
[Round "?"]
[White "Loiacono, Antonio"]
[Black "Orfini, Nicolo`"]
[Result "0-1"]
[WhiteElo "2293"]
[BlackElo "2156"]
[PlyCount "68"]
[EventDate "2018.12.27"]
[EventType "swiss"]
[EventCountry "ITA"]
[TimeControl "5400+30"]
[WhiteClock "0:12:51"]
[BlackClock "0:00:06"]

1. Nf3 {[%emt 0:00:22]} d6 {[%emt 0:15:19]} 2. c4 {[%emt 0:00:42]} e5 {[%emt 0:00:56]} 3. Nc3 {[%emt 0:01:39]} f5 {[%emt 0:00:16]} 4. d4 {[%emt 0:18:44]} e4 {[%emt 0:06:47]} 5. Ng1 {[%emt 0:00:53]} Nf6 {[%emt 0:01:22]} 6. h4 {[%emt 0:01:41]} Be7 {[%emt 0:12:57]} 7. Nh3 {[%emt 0:01:28]} c6 {[%emt 0:03:23]} 8. Nf4 {[%emt 0:01:47]} Na6 {[%emt 0:04:23]} 9. e3 {[%emt 0:06:19]} Nc7 {[%emt 0:00:39]} 10. Qb3 {[%emt 0:00:48]} O-O {[%emt 0:03:33]} 11. Be2 {[%emt 0:08:38]} Kh8 {[%emt 0:01:29]} 12. Bd2 {[%emt 0:05:15]} Rb8 {[%emt 0:04:15]} 13. O-O-O {[%emt 0:04:37]} Bd7 {[%emt 0:02:10]} 14. h5 {[%emt 0:01:38]} Ne6 {[%emt 0:01:25]} 15. g3 {[%emt 0:14:26]} b5 {[%emt 0:08:09]} 16. Qc2 {[%emt 0:10:04]} Nxf4 {[%emt 0:09:03]} 17. gxf4 {[%emt 0:01:07]} b4 {[%emt 0:00:33]} 18. Na4 {[%emt 0:02:47]} c5 {[%emt 0:01:59]} 19. dxc5 {[%emt 0:04:37]} dxc5 {[%emt 0:00:06]} 20. Rdg1 {[%emt 0:02:22]} Qa5 {[%emt 0:02:14]} 21. Bd1 {[%emt 0:03:11]} Qa6 {[%emt 0:00:27]} 22. Kb1 {[%emt 0:02:51]} Rbd8 {[%emt 0:01:12]} 23. Bc1 {[%emt 0:00:54]} Bc6 {[%emt 0:00:51]} 24. b3 {[%emt 0:00:55]} Bxa4 {[%emt 0:01:41]} 25. bxa4 {[%emt 0:00:05]} Nd7 {[%emt 0:00:24]} 26. Bb2 {[%emt 0:02:20]} Bf6 {[%emt 0:00:05]} 27. Rg5 {[%emt 0:01:57]} Bxg5 {[%emt 0:03:05]} 28. fxg5 {[%emt 0:00:07]} Kg8 {[%emt 0:15:17]} 29. h6 {[%emt 0:02:16]} g6 {[%emt 0:00:30]} 30. f3 {[%emt 0:00:30]} Qe6 {[%emt 0:00:30]} 31. fxe4 {[%emt 0:00:30]} fxe4 {[%emt 0:00:00]} 32. Rh4 {[%emt 0:00:00]} Ne5 {[%emt 0:01:00]} 33. Bc1 {[%emt 0:01:00]} Nd3 {[%emt 0:00:00]} 34. Bg4 {[%emt 0:00:24]} Qe5 {[%emt 0:00:00]} 0-1

[Event "3rd Vergani Cup 2018"]
[Site "Montebelluna"]
[Date "2019.01.02"]
[Round "?"]
[White "Loiacono, Antonio"]
[Black "Sonis, Francesco"]
[Result "0-1"]
[WhiteElo "2293"]
[BlackElo "2485"]
[Annotator "TA"]
[PlyCount "76"]
[EventDate "2018.12.27"]
[EventType "swiss"]
[EventCountry "ITA"]

{[%evp 19,76,54,49,27,36,30,33,37,41,30,41,29,35,33,68,8,51,48,81,39,39,33,37,19,16,0,23,12,19,3,13,18,54,-52,-34,-39,-34,-36,-30,-182,-196,-238,-260,-245,-243,-285,-273,-266,-272,-554,-524,-541,-537,-544,-516,-1479,-1464,-2355,-1276]} 1. e4 e5 2. Nf3 Nf6 3. Nc3 d6 4. d4 exd4 5. Nxd4 Be7 6. g3 O-O 7. Bg2 {C41: Philidor Defence} Re8 8. O-O Bf8 9. h3 Nbd7 10. Re1 Nc5 {LiveBook: 10 Games} (10... c5 11. Nf5 Ne5 12. Bg5 h6 13. Bxf6 Qxf6 14. Nd5 Qd8 {½-½ (32) Oparin,G (2602)-Mamedyarov,S (2799) Moscow 2017}) 11. f4 c6 12. Nb3 Nfd7 $146 ({Predecessor:} 12... d5 13. e5 Nfe4 14. Nxe4 Nxe4 15. Bxe4 dxe4 16. Qxd8 Rxd8 {½-½ (64) Mirimanian,H (2147)-Imbert,C (2065) Paris 2014}) 13. Be3 Qc7 14. Qf3 a5 15. Qf2 b6 16. Rad1 Bb7 17. g4 (17. Nxc5 $14 Nxc5 18. Bf3) 17... a4 18. Nxc5 Nxc5 19. b4 axb3 20. axb3 Nd7 21. g5 b5 22. h4 b4 23. Ne2 c5 24. Ng3 c4 25. bxc4 Ra2 26. Rb1 (26. h5 $14) 26... Qxc4 $15 27. Bf1 Qc8 28. Rxb4 Rxc2 29. Qxc2 $2 (29. Re2 $11 Rxe2 30. Qxe2) 29... Qxc2 $19 30. Rc1 Qa2 {...Qa3 is the strong threat.} ({Weaker is} 30... Bxe4 31. Rxe4 Rxe4 32. Rxc2 $11) 31. Rxb7 {[#]} Qa3 $1 {[%cal Ra3e3]} 32. Re1 Nc5 33. Rbb1 Nxe4 34. Bf2 $2 {[#]} (34. Ra1 Qb3 35. Rab1) 34... Nxf2 $1 {[%mdl 512] Black is clearly winning.} 35. Kxf2 Rc8 36. Rbd1 Rc3 {And now ...Rf3+ would win.} 37. Ne2 (37. Ne4 $142 Rf3+ 38. Kg1) 37... Rf3+ 38. Kg2 Qe3 {Precision: White = 19%, Black = 77%.} 0-1

[Event "3rd Vergani Cup 2018"]
[Site "Montebelluna"]
[Date "2019.01.02"]
[Round "?"]
[White "Ajay Krishna, S."]
[Black "Andriasian, Zaven"]
[Result "0-1"]
[WhiteElo "2289"]
[BlackElo "2604"]
[Annotator "TA"]
[PlyCount "84"]
[EventDate "2018.12.27"]
[EventType "swiss"]
[EventCountry "ITA"]

{[%evp 10,84,35,20,26,14,43,0,-3,-12,-3,-18,-8,-14,-9,-24,-37,-29,0,0,0,0,-19,0,0,0,-29,-59,-64,-60,-31,-58,28,0,0,-28,-27,-68,0,-7,-25,-9,0,0,0,0,28,-24,9,0,0,0,0,-100,-122,-102,-113,-81,-24,-41,0,-115,-140,-173,-166,-620,-620,-618,-606,-612,-527,-677,-655,-29988,-29989,-29991,-29991]} 1. Nf3 d5 2. c4 d4 3. e3 c5 4. b4 dxe3 5. fxe3 cxb4 6. a3 {LiveBook: 4 Games. A09: Réti Opening: 1 Nf3 d5 2 c4} (6. d4 Nf6 7. Bd3 g6 8. a3 bxa3 9. O-O Bg7 10. Nc3 O-O 11. Bxa3 b6 12. Kh1 Nc6 13. Rc1 Bg4 14. h3 Bxf3 15. Qxf3 {1-0 (45) Wei,Y (2735)-Inarkiev,E (2690) Magas 2018}) 6... bxa3 7. Nxa3 Nc6 $146 ({Predecessor:} 7... Nf6 8. Nb5 Nc6 9. d4 e6 10. Bd3 Bb4+ 11. Bd2 O-O 12. O-O Bxd2 13. Qxd2 {1-0 (29) Bandza,A-Chekhov,V (2495) Tbilisi (Georgia) 1985}) 8. Bb2 {[%mdl 1024] White is slightly better. White has compensation.} Nf6 9. Be2 g6 10. O-O Bg7 11. Nd4 Bd7 12. Nb3 O-O 13. Bf3 a5 14. Nc5 Rc8 15. Nxb7 Qc7 16. Nc5 Ng4 17. Bxg4 Bxg4 18. Qc1 e5 19. Ne4 Qe7 20. Nb5 Rfd8 (20... Be2 $15 21. Nbd6 Bxf1 22. Nxc8 Rxc8 23. Qxf1 f5) 21. c5 {Nbd6 is the strong threat.} (21. Ba3 $5 {[%cal Ra3e7]} Nb4 22. c5 $11) 21... Rb8 22. Nbd6 (22. Ned6 $5 {[%cal Rf1f7]} Be6 23. d4 $11) 22... Be6 23. Bc3 Ra8 (23... f5 $15 24. Nf2 Qa7) 24. Qa3 a4 25. Rab1 Bd5 26. Rb7 Rd7 27. Rb6 Rc7 28. Nf2 (28. Bb2 $142) 28... h6 (28... Nb8 {feels hotter.} 29. Bb4 Nd7 30. Qd3 Be6 31. Ra6 Rxa6 32. Qxa6 Nxc5 33. Qb6 Bf8) 29. Rfb1 Qd7 (29... Qd8 {is interesting.} 30. Nb5 Rcc8 31. Nd6 Rc7) 30. e4 Be6 31. Nb5 (31. Nd3 $11) 31... Rb7 $17 32. Nd6 Rxb6 33. Rxb6 {[#]} h5 (33... Nd4 $1 $17) 34. Nd3 $1 $11 h4 35. Nb4 {[#]} (35. h3 $11 {remains equal.}) 35... Nd4 $1 $17 36. Bxd4 exd4 37. Nd5 $2 (37. Nc6) 37... Bxd5 $19 38. exd5 Qg4 39. Rb1 {[#]} d3 $1 {[%mdl 512] ( -> ...h3)} 40. Qxd3 a3 {[%cal Ba4a3,Ba3a2][%mdl 32]} 41. Qf1 a2 42. Qxf7+ Kh7 {Precision: White = 39%, Black = 54%.} 0-1

[Event "3rd Vergani Cup 2018"]
[Site "Montebelluna"]
[Date "2019.01.02"]
[Round "?"]
[White "Ajay Krishna, S."]
[Black "Henderson de La Fuente, Lance"]
[Result "0-1"]
[WhiteElo "2289"]
[BlackElo "2484"]
[Annotator "RC"]
[PlyCount "118"]
[EventDate "2018.12.27"]
[EventType "swiss"]
[EventCountry "ITA"]
[TimeControl "5400+30"]
[WhiteClock "0:05:56"]
[BlackClock "0:01:43"]

1. d4 {[%emt 0:02:25]} Nf6 {[%emt 0:00:52]} 2. Bf4 {[%emt 0:00:15]} b6 {[%emt 0:01:01]} 3. e3 {[%emt 0:00:13]} Bb7 {[%emt 0:00:04]} 4. Nd2 {[%emt 0:00:11]} g6 {[%emt 0:00:32]} 5. Ngf3 {[%emt 0:00:13]} Bg7 {[%emt 0:00:27]} 6. h3 {[%emt 0:00:06]} O-O {[%emt 0:00:13]} 7. Bd3 {[%emt 0:00:07]} d6 {[%emt 0:00:50]} 8. Qe2 {[%emt 0:07:03]} Nbd7 {[%emt 0:00:52]} 9. Ba6 {[%emt 0:04:47]} Qc8 {[%emt 0:00:19]} 10. Bxb7 {[%emt 0:00:02]} Qxb7 {[%emt 0:00:06]} 11. O-O {[%emt 0:00:28]} Rfe8 {[%emt 0:04:18]} 12. a4 {[%emt 0:01:58]} a6 {[%emt 0:04:01]} 13. Bh2 {[%emt 0:05:09]} c5 {[%emt 0:04:46]} 14. c3 {[%emt 0:19:48]} Ne4 {[%emt 0:09:49]} 15. Nxe4 {[%emt 0:01:16]} Qxe4 {[%emt 0:00:06]} 16. b4 {[%emt 0:08:07]} Rec8 {[%emt 0:09:02]} 17. bxc5 {[%emt 0:10:45]} bxc5 {[%emt 0:00:32]} 18. Rfc1 {[%emt 0:02:09]} h6 {[%emt 0:05:09]} 19. Rab1 {[%emt 0:00:51]} Qc6 {[%emt 0:02:50]} 20. Qc4 {[%emt 0:02:48]} Rab8 {[%emt 0:10:47]} 21. d5 {[%emt 0:05:05]} Qa8 {[%emt 0:00:43]} 22. Bf4 {[%emt 0:02:04]} Nb6 {[%emt 0:02:17]} 23. Rxb6 {[%emt 0:00:59]} Rxb6 {[%emt 0:00:20]} 24. e4 {[%emt 0:00:09]} Qb7 {[%emt 0:06:21]} 25. e5 {[%emt 0:05:11]} dxe5 {[%emt 0:04:00]} 26. Nxe5 {[%emt 0:02:33]} Bxe5 {[%emt 0:07:51]} 27. Bxe5 {[%emt 0:00:06]} Rd8 {[%emt 0:00:35]} 28. Rd1 {[%emt 0:03:01]} Rb1 {[%emt 0:00:49]} 29. Rxb1 {[%emt 0:00:03]} Qxb1+ {[%emt 0:00:04]} 30. Kh2 {[%emt 0:00:08]} Qb7 {[%emt 0:03:10]} 31. Qxc5 {[%emt 0:00:45]} Rxd5 {[%emt 0:00:19]} 32. Qe3 {[%emt 0:00:03]} Kh7 {[%emt 0:05:19]} 33. Bg3 {[%emt 0:01:39]} Ra5 {[%emt 0:01:46]} 34. Qf4 {[%emt 0:02:29]} f6 {[%emt 0:01:10]} 35. Qc4 {[%emt 0:00:48]} Kg7 {[%emt 0:00:57]} 36. Bc7 {[%emt 0:00:21]} Qc8 {[%emt 0:03:18]} 37. Qc6 {[%emt 0:00:51]} Re5 {[%emt 0:00:21]} 38. Qb6 {[%emt 0:01:09]} Re6 {[%emt 0:00:12]} 39. Qc5 {[%emt 0:02:39]} Qd7 {[%emt 0:00:46]} 40. Bf4 {[%emt 0:04:15]} Qxa4 {[%emt 0:00:21]} 41. Be3 {[%emt 0:00:02]} Qd7 {[%emt 0:00:44]} 42. g3 {[%emt 0:00:31]} Rc6 {[%emt 0:00:21]} 43. Qb4 {[%emt 0:00:07]} Qc7 {[%emt 0:00:41]} 44. Bf4 {[%emt 0:00:37]} e5 {[%emt 0:01:33]} 45. Bd2 {[%emt 0:01:50]} Qd6 {[%emt 0:00:27]} 46. Qa4 {[%emt 0:00:19]} Rc7 {[%emt 0:00:33]} 47. Qa2 {[%emt 0:00:49]} Qc6 {[%emt 0:01:27]} 48. Be3 {[%emt 0:00:30]} Rd7 {[%emt 0:01:14]} 49. Qa3 {[%emt 0:01:06]} g5 {[%emt 0:01:51]} 50. g4 {[%emt 0:01:35]} Rc7 {[%emt 0:00:44]} 51. Qa5 {[%emt 0:00:41]} Rd7 {[%emt 0:00:25]} 52. Qb4 {[%emt 0:00:51]} Qb7 {[%emt 0:00:17]} 53. Qa4 {[%emt 0:00:03]} Rc7 {[%emt 0:01:03]} 54. Qa3 {[%emt 0:01:26]} Rc4 {[%emt 0:00:46]} 55. Kg1 {[%emt 0:00:28]} h5 {[%emt 0:01:00]} 56. gxh5 {[%emt 0:01:12]} Rh4 {[%emt 0:00:11]} 57. Kh2 {[%emt 0:01:18]} Qd7 {[%emt 0:02:15]} 58. Kg1 {[%emt 0:00:23]} Rxh3 {[%emt 0:00:08]} 59. h6+ {[%emt 0:01:00]} Kh7 {[%emt 0:00:39]} 0-1